000 01171nam a2200313Ia 4500
001 ebr10088538
003 CaPaEBR
006 m u
007 cr cn|||||||||
008 040115s2004 maua s 001 0 eng d
010 _z 2004041531
020 _z1402077882
020 _z1402077890
040 _aCaPaEBR
_cCaPaEBR
035 _a(OCoLC)55535493
050 1 4 _aQP624.5.D726
_bL44 2004eb
082 0 4 _a572.8/636
_222
100 1 _aLee, Mei-Ling Ting.
245 1 0 _aAnalysis of microarray gene expression data
_h[electronic resource] /
_cMei-Ling Ting Lee.
260 _aBoston :
_bKluwer Academic,
_cc2004.
300 _axvi, 371 p. :
_bill.
500 _aIncludes indexes.
533 _aElectronic reproduction.
_bPalo Alto, Calif. :
_cebrary,
_d2009.
_nAvailable via World Wide Web.
_nAccess may be limited to ebrary affiliated libraries.
650 0 _aDNA microarrays
_xStatistical methods.
650 0 _aGene expression
_xStatistical methods.
655 7 _aElectronic books.
_2local
710 2 _aebrary, Inc.
856 4 0 _uhttp://site.ebrary.com/lib/rucke/Doc?id=10088538
_zAn electronic book accessible through the World Wide Web; click to view
999 _c51997
_d51997